[Event "Imperia op-A 46th"]
[Site "Imperia"]
[Date "2004.09.12"]
[Round "9"]
[White "Pisk, Petr"]
[Black "Gentile, Claudio"]
[Result "1-0"]
[WhiteElo "2344"]
[BlackElo "2137"]
[PlyCount "83"]
[EventDate "2004.09.05"]
[EventType "swiss"]
[EventRounds "9"]
[EventCountry "ITA"]
[SourceTitle "EXT 2005"]
[Source "ChessBase"]
[SourceDate "2004.11.15"]
[SourceVersion "1"]
[SourceVersionDate "2004.11.15"]
[SourceQuality "1"]

1. e4 e5 2. Nf3 Nc6 3. Bb5 a6 4. Ba4 Nf6 5. d3 b5 6. Bb3 Be7 7. Nc3 d6 8. a3 0-0 9. h3 Be6 10. Nd5 Nd4 11. Nxd4 exd4 12. Bd2 c6 13. Nxf6+ Bxf6 14. Bxe6 fxe6 15. Qg4 Qe7 16. a4 d5 17. 0-0 Rae8 18. axb5 axb5 19. Ra6 Qc5 20. Rc1 Rf7 21. b4 Qd6 22. Re1 dxe4 23. Qxe4 Rc7 24. Bf4 e5 25. Bd2 Qd7 26. Rea1 Qc8 27. R1a2 Qb7 28. Kf1 Rf8 29. f3 Rd8 30. Ke2 Kh8 31. Kd1 Kg8 32. Kc1 Kh8 33. Kb2 Rdc8 34. Kb1 Rd7 35. Qf5 Rcd8 36. g4 Rf8 37. g5 Be7 38. Qxe5 Rd5 39. Qg3 Rd7 40. g6 h6 41. Bxh6 Qc7 42. Qg4 1-0

[Event "Genova op 8th"]
[Site "Genova"]
[Date "2004.08.17"]
[Round "9"]
[White "Mrdja, Milan"]
[Black "Gentile, Claudio"]
[Result "1-0"]
[WhiteElo "2432"]
[BlackElo "2137"]
[PlyCount "55"]
[EventDate "2004.08.09"]
[EventType "swiss"]
[EventRounds "9"]
[EventCountry "ITA"]
[SourceTitle "CBM 101 Extra"]
[Source "ChessBase"]
[SourceDate "2004.09.01"]
[SourceVersion "2"]
[SourceVersionDate "2004.09.01"]
[SourceQuality "1"]

1. e4 e5 2. Bc4 Nf6 3. d3 d5 4. exd5 Nxd5 5. Nf3 Nc6 6. 0-0 Bg4 7. h3 Bh5 8. Re1 Qd6 9. g4 Bg6 10. Bxd5 Qxd5 11. Nc3 Qa5 12. a3 0-0-0 13. Be3 Nd4 14. b4 Nxf3+ 15. Qxf3 Qa6 16. Rab1 h5 17. g5 h4 18. a4 f6 19. Nb5 Bf7 20. Nxa7+ Kb8 21. b5 Qe6 22. Nc6+ bxc6 23. bxc6+ Ka8 24. Rb7 Qa2 25. Reb1 Qxa4 26. Ra7+ Qxa7 27. Bxa7 Kxa7 28. Qg4 1-0

[Event "Genova Ducale op"]
[Site "Genova"]
[Date "2004.07.06"]
[Round "4"]
[White "Gentile, Claudio"]
[Black "Miladinovic, Igor"]
[Result "0-1"]
[WhiteElo "2137"]
[BlackElo "2630"]
[PlyCount "40"]
[EventDate "2004.07.??"]
[EventType "swiss"]
[EventRounds "9"]
[EventCountry "ITA"]
[SourceTitle "EXT 2005"]
[Source "ChessBase"]
[SourceDate "2004.11.15"]
[SourceVersion "1"]
[SourceVersionDate "2004.11.15"]
[SourceQuality "1"]

1. c4 Nc6 2. Nc3 Nf6 3. d4 d5 4. e3 e6 5. cxd5 exd5 6. Bd3 Bd6 7. Nf3 Bg4 8. h3 Bh5 9. g4 Bg6 10. Bxg6 hxg6 11. Qb3 Na5 12. Qa4+ c6 13. Bd2 Nc4 14. Nxd5 Nxb2 15. Qb3 Nxd5 16. Qxb2 Qe7 17. Rb1 Qe4 18. Qxb7 0-0 19. 0-0 Qxf3 20. Qxc6 Rfd8 0-1

[Event "Imperia op-A 45th"]
[Site "Imperia"]
[Date "2003.09.07"]
[Round "9"]
[White "Gentile, Claudio"]
[Black "Isonzo, Davide"]
[Result "0-1"]
[WhiteElo "2158"]
[BlackElo "2347"]
[PlyCount "70"]
[EventDate "2003.08.31"]
[EventType "swiss"]
[EventRounds "9"]
[EventCountry "ITA"]
[SourceTitle "EXT 2005"]
[Source "ChessBase"]
[SourceDate "2004.11.15"]
[SourceVersion "1"]
[SourceVersionDate "2004.11.15"]
[SourceQuality "1"]

1. d4 d5 2. c4 Nc6 3. Nc3 dxc4 4. Nf3 Nf6 5. e4 Bg4 6. Be3 e6 7. Bxc4 Bb4 8. Qd3 Qe7 9. Bb5 Bxf3 10. Bxc6+ bxc6 11. gxf3 Rb8 12. Qa6 0-0 13. Qxc6 Ba5 14. 0-0-0 Nd7 15. h4 Qb4 16. Na4 Nb6 17. Nxb6 Rxb6 18. Qc2 Rfb8 19. Bd2 Qb5 20. Bxa5 Qxa5 21. b3 Qa3+ 22. Qb2 Qd6 23. Kb1 a5 24. Rhg1 a4 25. Rd3 axb3 26. Rxb3 Rxb3 27. axb3 Qb4 28. Kc2 Qb5 29. Kd2 Qh5 30. Rg4 f5 31. Rg3 fxe4 32. fxe4 Rf8 33. Ke3 Qxh4 34. Kd3 Qf6 35. Ke3 c5 0-1

[Event "Imperia op-A 45th"]
[Site "Imperia"]
[Date "2003.09.06"]
[Round "8"]
[White "Gentile, Claudio"]
[Black "Verrascina, Roberto"]
[Result "1/2-1/2"]
[WhiteElo "2158"]
[BlackElo "2226"]
[PlyCount "54"]
[EventDate "2003.08.31"]
[EventType "swiss"]
[EventRounds "9"]
[EventCountry "ITA"]
[SourceTitle "EXT 2005"]
[Source "ChessBase"]
[SourceDate "2004.11.15"]
[SourceVersion "1"]
[SourceVersionDate "2004.11.15"]
[SourceQuality "1"]

1. d4 g6 2. e4 Bg7 3. Nf3 d6 4. Nc3 c6 5. Be2 b5 6. e5 Qc7 7. exd6 exd6 8. 0-0 Nf6 9. Bg5 Nbd7 10. d5 b4 11. dxc6 bxc3 12. cxd7+ Bxd7 13. Qd4 cxb2 14. Rab1 Ke7 15. Rfe1 Be6 16. Rxb2 h6 17. Ba6 Rhb8 18. Bf4 Nh5 19. Rxb8 Rxb8 20. Qa4 Bc3 21. Bd2 Bxd2 22. Nxd2 Qc3 23. Bd3 Qxd2 24. Qxa7+ Kf6 25. Qd4+ Ke7 26. Qa7+ Kf6 27. Qd4+ Ke7 1/2-1/2

[Event "Genova op 7th"]
[Site "Genova"]
[Date "2003.08.06"]
[Round "6"]
[White "Gentile, Claudio"]
[Black "Jones, Gawain C B"]
[Result "0-1"]
[WhiteElo "2158"]
[BlackElo "2347"]
[PlyCount "76"]
[EventDate "2003.08.02"]
[EventType "swiss"]
[EventRounds "9"]
[EventCountry "ITA"]
[SourceTitle "CBM 095 Extra"]
[Source "ChessBase"]
[SourceDate "2003.09.04"]
[SourceVersion "1"]
[SourceVersionDate "2003.09.04"]
[SourceQuality "1"]

1. e4 c5 2. Nf3 d6 3. d4 cxd4 4. Nxd4 Nf6 5. Nc3 g6 6. Be3 Bg7 7. f3 0-0 8. Qd2 Nc6 9. 0-0-0 d5 10. exd5 Nxd5 11. Nxc6 bxc6 12. Bd4 e5 13. Bc5 Be6 14. Bxf8 Qxf8 15. Nxd5 cxd5 16. Qa5 Rb8 17. Ba6 Rb6 18. Rhe1 Qb8 19. b3 Qc7 20. Qa4 Bd7 21. Qa3 Bf8 22. Qb2 Rxa6 23. Qxe5 Qxe5 24. Rxe5 Rxa2 25. Kb1 Ra6 26. Rexd5 Bf5 27. g4 Be6 28. Rd8 Kg7 29. c4 Be7 30. Re8 Bf6 31. h3 Ra1+ 32. Kc2 Ra2+ 33. Kd3 a5 34. Rc1 Rb2 35. Rb8 a4 36. Ra8 Rxb3+ 37. Ke2 a3 38. Rc2 Bd4 0-1

[Event "Genova op 7th"]
[Site "Genova"]
[Date "2003.08.05"]
[Round "5"]
[White "Gentile, Claudio"]
[Black "Frugoli, Francesco"]
[Result "1-0"]
[WhiteElo "2158"]
[BlackElo "2009"]
[PlyCount "47"]
[EventDate "2003.08.02"]
[EventType "swiss"]
[EventRounds "9"]
[EventCountry "ITA"]
[SourceTitle "CBM 095 Extra"]
[Source "ChessBase"]
[SourceDate "2003.09.04"]
[SourceVersion "1"]
[SourceVersionDate "2003.09.04"]
[SourceQuality "1"]

1. d4 d5 2. c4 dxc4 3. e4 e5 4. Nf3 exd4 5. Bxc4 Bb4+ 6. Bd2 Bxd2+ 7. Nbxd2 Nc6 8. 0-0 Qf6 9. e5 Qg6 10. Qb3 Nh6 11. Bd3 Qh5 12. Be4 0-0 13. Bxc6 bxc6 14. Qc4 Be6 15. Qxd4 Rad8 16. Qc3 Nf5 17. Qxc6 g5 18. Ne4 Kh8 19. Nfxg5 Nd4 20. Qxc7 Rg8 21. Qe7 h6 22. Qf6+ Rg7 23. Qxd8+ Rg8 24. Qxg8+ 1-0

[Event "ITA-ch sf"]
[Site "Arvier"]
[Date "2002.06.30"]
[Round "9"]
[White "Gentile, Claudio"]
[Black "Martorelli, Antonio"]
[Result "1-0"]
[WhiteElo "2117"]
[BlackElo "2257"]
[PlyCount "101"]
[EventDate "2002.06.22"]
[EventType "swiss"]
[EventRounds "9"]
[EventCountry "ITA"]
[SourceTitle "CBM 089 Extra"]
[Source "ChessBase"]
[SourceDate "2002.09.10"]
[SourceVersion "2"]
[SourceVersionDate "2002.09.10"]
[SourceQuality "1"]

1. e4 c5 2. Nf3 e6 3. d4 cxd4 4. Nxd4 a6 5. Nc3 Qc7 6. Bd3 Nc6 7. Nxc6 dxc6 8. Qg4 e5 9. Qg5 h6 10. Qg3 Nf6 11. Be3 Ng4 12. Bc1 Bc5 13. 0-0 h5 14. h3 h4 15. Qf3 Nf6 16. Rd1 Be6 17. Bg5 0-0-0 18. Bf1 Rdg8 19. Rd3 Nh5 20. Rad1 Nf4 21. Bxf4 exf4 22. a3 g5 23. b4 g4 24. hxg4 Be7 25. Nd5 Bxg4 26. Qxg4+ Rxg4 27. Nxc7 h3 28. f3 Rg7 29. Rd7 hxg2 30. Bxg2 Bf6 31. Na8 Rhg8 32. Nb6+ Kb8 33. R1d2 Bc3 34. Rd8+ Rxd8 35. Rxd8+ Kc7 36. Rd3 Ba1 37. Na8+ Kb8 38. Rd8+ Ka7 39. Nc7 Kb6 40. Rd7 Be5 41. Ne8 Rg8 42. Nd6 Bxd6 43. Rxd6 a5 44. Rd7 Ra8 45. Rxf7 axb4 46. axb4 Ra2 47. e5 Rxc2 48. e6 Re2 49. Bh3 Re5 50. e7 c5 51. Rf6+ 1-0

[Event "ITA-ch sf"]
[Site "Arvier"]
[Date "2002.06.26"]
[Round "5"]
[White "Gentile, Claudio"]
[Black "Astengo, Corrado"]
[Result "0-1"]
[WhiteElo "2117"]
[BlackElo "2180"]
[PlyCount "78"]
[EventDate "2002.06.22"]
[EventType "swiss"]
[EventRounds "9"]
[EventCountry "ITA"]
[SourceTitle "CBM 089 Extra"]
[Source "ChessBase"]
[SourceDate "2002.09.10"]
[SourceVersion "2"]
[SourceVersionDate "2002.09.10"]
[SourceQuality "1"]

1. e4 c5 2. Nf3 d6 3. d4 cxd4 4. Nxd4 Nf6 5. Nc3 a6 6. Bg5 e6 7. f4 Qc7 8. Qf3 b5 9. Bxf6 gxf6 10. e5 Bb7 11. Qh5 b4 12. Nxe6 Qc8 13. Nxf8 bxc3 14. Nxh7 fxe5 15. b3 Nd7 16. Bc4 d5 17. Bxd5 Bxd5 18. Nf6+ Nxf6 19. Qxh8+ Ke7 20. Qxc8 Rxc8 21. fxe5 Ng4 22. Rg1 Ne3 23. Rc1 Be4 24. Ke2 Nxc2 25. h4 Bh7 26. h5 Nb4 27. h6 c2 28. Ra1 Nd3 29. Kd2 Ke6 30. Rh1 Kxe5 31. Rhf1 Rc7 32. g4 c1Q+ 33. Raxc1 Nxc1 34. Rxc1 Rxc1 35. Kxc1 Kf4 36. b4 Kxg4 37. a4 Kg5 38. Kd2 Kxh6 39. Ke3 Bc2 0-1